| 000 | 00605nam a2200193 4500 | ||
|---|---|---|---|
| 008 | 020403s1974 enk engYA | ||
| 020 | _a0060429763 | ||
| 090 |
_aHA29 _bH86 |
||
| 100 | 1 | _aS. W. Huck | |
| 245 | 1 | 0 |
_aReading statistics and research / _cS. W. Huck, William H. Cormier and William G. Bounds. |
| 260 |
_aNew York : _bHarperCollins, _cc1974. |
||
| 300 | _ax, 387 p. | ||
| 650 | 4 | _aExperimental design. | |
| 650 | 4 | _aResearch. | |
| 650 | 4 | _aStatistics. | |
| 700 | 1 | _aBounds, William G. | |
| 700 | 1 | _aCormier, William H. | |
| 951 |
_p13832 _x00013746 _oHA29/H86 _j070613111055437 _d2000-12-21 _cGC |
||
| 999 |
_c7110 _d7110 |
||